000 00981nam a2200253 i 4500
003 IT-RoINE
008 230913s1741 sp ||||| |||| 00| | spa d
026 _am-o, o.i-
_bona, ense (3)
_c1741 (A)
_dt. 2
040 _aIT-RoINE
_dIT-RoINE
041 1 _aspa
_hfre
100 0 _91594
_aFrancisco de Sales,
_cSanto,
_d1567-1622
245 1 0 _aCartas espirituales de S. Francisco de Sales, ... Traducidas del idioma frances al castellano ... por ... D. Francisco de Cubillas Donyague ... Primera -[segunda parte]
260 _aEn Madrid :
_bImprenta del Convento de la Merced,
_c1741.
300 _a2 v. ;
_c
336 _2rdacontent
_atext
337 _2rdamedia
_aunmediated
338 _2rdacarrier
_avolume
597 _aSign. T. 2: A4, B-2E8,2F4.
597 _aIniciales grabadas
700 1 _972160
_aCubillas Donyague, Francisco de‏
710 2 _972161
_aImprenta del Convento de la Merced (Madrid, España)
_eimpresor
752 _aEspaña,
_dMadrid
942 _2IT-RoINE
_cLA
999 _c37425
_d37425